| 000 | 00486nam a2200121Ia 4500 | ||
|---|---|---|---|
| 008 | 220620s9999||||xx |||||||||||||| ||und|| | ||
| 100 | _aRowell, Chris (Editor) | ||
| 245 | 0 | _aSocial Media in Higher Education: Case Studies, Reflections and Analysis | |
| 546 | _aEnglish[eng] | ||
| 650 | _astudent learning||Higher Education||university||digital communication||Twitter||social media||enhance teaching and learning | ||
| 856 | _uhttps://www.openbookpublishers.com/reader/945 | ||
| 942 | _cEB | ||
| 999 |
_c26749 _d26749 |
||